Blueberries, cranberries and other vacciniums

Đã lưu trong:
Chi tiết về thư mục
Tác giả chính: Trehane, Jennifer (Tác giả)
Định dạng: Sách
Ngôn ngữ:Tiếng Anh
Được phát hành: Portland Timber 2004
Phiên bản:1a. ed
Loạt:Royal Horticultural Society Plant Collector Guide
Những chủ đề:
Các nhãn: Thêm thẻ
Không có thẻ, Là người đầu tiên thẻ bản ghi này!

MARC

LEADER 00000nam a2200000 a 4500
001 UCK6284
003 CL-VaPUC
008 050916e20040000US |||||||||||||||||eng|d
020 |a 0881926159 
082 0 4 |a 634.737  |b TRE  |2 21 
100 0 |a Trehane, Jennifer  |e author  |9 495397 
245 1 0 |a Blueberries, cranberries and other vacciniums 
250 |a 1a. ed 
300 |a 256 p 
942 |c BK 
945 |d 20050916 00:00:00  |a cmena 
260 |a Portland  |b Timber  |c 2004 
650 0 |a Arándano  |9 259695 
650 7 |a CRANBERRY  |2 CL-VaPUC  |9 495398 
650 0 |a Cultivo  |9 264268 
650 0 |a Industria agrícola   |9 264819 
583 |a last modification  |c 20050916 00:00:00  |k Rodrigo Vera 
490 0 |a Royal Horticultural Society Plant Collector Guide 
999 |c 314583  |d 314581 
952 |0 0  |1 0  |4 0  |6 634_737000000000000_TRE_2004  |7 0  |8 A  |9 387006  |a BIBAGR  |b BIBAGR  |d 2019-11-22  |i 4166035  |o 634.737 TRE 2004  |p 4166035  |r 2025-01-20  |w 2019-11-22  |y BK  |k AGR